[Event "CHN-ch"]
[Site "Xinghua"]
[Date "2025.07.01"]
[Round "9"]
[White "Dai, Changren"]
[Black "Peng, Xiongjian"]
[Result "0-1"]
[WhiteElo "2560"]
[BlackElo "2520"]
[PlyCount "66"]
[EventDate "2025.06.23"]
[EventType "swiss"]
[EventRounds "11"]
[EventCountry "CHN"]
[SourceTitle "CB28_2025"]
[SourceDate "2025.07.09"]
[SourceVersion "1"]
[SourceVersionDate "2025.07.09"]
[SourceQuality "1"]

1. d4 Nf6 2. c4 e6 3. Nc3 Bb4 4. g3 0-0 5. Bg2 d6 6. Nf3 Nc6 7. Qd3 e5 8. 0-0 Re8 9. d5 Ne7 10. Nd2 a5 11. b3 Ng6 12. a3 Bc5 13. Rb1 h5 14. b4 axb4 15. axb4 Ba7 16. e4 h4 17. Nb3 Bd7 18. c5 Qe7 19. Bg5 h3 20. Bf3 dxc5 21. bxc5 Bxc5 22. Nxc5 Qxc5 23. Be3 Qa3 24. Qc4 c6 25. Rxb7 cxd5 26. Nxd5 Be6 27. Nxf6+ gxf6 28. Qb4 Qa2 29. Re1 Rec8 30. Be2 Ra4 31. Qb5 Rxe4 32. Bd3 Rxe3 33. fxe3 Qg2# 0-1

[Event "CHN Nat Games qual tt 15th"]
[Site "Huairou District"]
[Date "2025.06.11"]
[Round "1.10"]
[White "Dai, Changren"]
[Black "Hou, Yifan B"]
[Result "0-1"]
[WhiteElo "2560"]
[BlackElo "2301"]
[PlyCount "86"]
[EventDate "2025.06.11"]
[EventType "team-swiss (rapid)"]
[EventRounds "7"]
[EventCountry "CHN"]
[SourceTitle "CB25_2025"]
[SourceDate "2025.06.18"]
[SourceVersion "1"]
[SourceVersionDate "2025.06.18"]
[SourceQuality "1"]
[WhiteTeam "Tianjin City"]
[BlackTeam "Heilongjiang Province"]
[WhiteTeamCountry "CHN"]
[BlackTeamCountry "CHN"]

1. Nf3 Nf6 2. d4 d5 3. e3 e6 4. Bd3 c5 5. b3 Be7 6. dxc5 Bxc5 7. 0-0 0-0 8. Bb2 b6 9. Nbd2 Bb7 10. a3 a5 11. c4 dxc4 12. Nxc4 Nbd7 13. Qe2 Qe7 14. e4 Rfd8 15. e5 Nd5 16. g3 Nf8 17. Rfd1 Nc7 18. Ncd2 Bd5 19. Be4 b5 20. Nd4 b4 21. a4 Rac8 22. Rac1 Nd7 23. Bxd5 Bxd4 24. Bxd4 exd5 25. Nf3 Ne6 26. Rxc8 Rxc8 27. Qa6 Qd8 28. Be3 Ndc5 29. Qd6 Nxb3 30. Rxd5 Qe8 31. Qa6 h6 32. Kg2 Nc7 33. Qc4 Nxd5 34. Qxd5 Qe6 35. Qb7 Qc6 36. Qe7 Re8 37. Qa7 Rxe5 38. g4 Re8 39. h4 Rd8 40. Kg3 Qxa4 41. Ne5 Qe8 42. Qc7 Rc8 43. Qd6 Qe6 0-1

[Event "Asia-ch"]
[Site "Al Ain"]
[Date "2025.05.11"]
[Round "5"]
[White "Dai, Changren"]
[Black "Yang, Zilong"]
[Result "0-1"]
[WhiteElo "2531"]
[BlackElo "2326"]
[PlyCount "98"]
[EventDate "2025.05.07"]
[EventType "swiss"]
[EventRounds "9"]
[EventCountry "UAE"]
[SourceTitle "CB21_2025"]
[SourceDate "2025.05.21"]
[SourceVersion "1"]
[SourceVersionDate "2025.05.21"]
[SourceQuality "1"]

1. e4 c5 2. Nf3 e6 3. d4 cxd4 4. Nxd4 Nc6 5. Nc3 Qc7 6. Be3 a6 7. g4 Nxd4 8. Qxd4 b5 9. 0-0-0 Bb7 10. f3 Rc8 11. Qd2 Bb4 12. Bd4 f6 13. g5 e5 14. Bb6 Bxc3 15. bxc3 Qxb6 16. Qxd7+ Kf8 17. Bh3 Qc7 18. Qe6 Re8 19. Rd7 Rxe6 20. Rxc7 Re7 21. Bd7 fxg5 22. Rxb7 Kf7 23. Bc6 Nf6 24. Rb6 Rc8 25. Rxa6 Rec7 26. Bxb5 Rxc3 27. Ba4 Rxf3 28. Bb3+ Kg6 29. Kb2 g4 30. Re6 Rc5 31. a4 Kg5 32. Ka3 Rxc2 33. Rxe5+ Kh4 34. Re7 Re2 35. Rxg7 h5 36. Rb1 Nxe4 37. Re7 Ree3 38. Rb2 Nc5 39. Rxe3 Rxe3 40. a5 Kh3 41. Ka2 Nd3 42. Rb1 Re5 43. Rd1 Rxa5+ 44. Kb1 Nf2 45. Rd2 Rf5 46. Bc2 Rf4 47. Rd5 h4 48. Rh5 Ne4 49. Bd3 Nd2+ 0-1

[Event "Asia-ch"]
[Site "Al Ain"]
[Date "2025.05.08"]
[Round "2"]
[White "Vasilkov, Nikolay"]
[Black "Dai, Changren"]
[Result "0-1"]
[WhiteElo "2201"]
[BlackElo "2531"]
[PlyCount "92"]
[EventDate "2025.05.07"]
[EventType "swiss"]
[EventRounds "9"]
[EventCountry "UAE"]
[SourceTitle "CB21_2025"]
[SourceDate "2025.05.21"]
[SourceVersion "1"]
[SourceVersionDate "2025.05.21"]
[SourceQuality "1"]

1. e4 c6 2. d4 d5 3. e5 Bf5 4. Be2 e6 5. Nf3 Nd7 6. 0-0 h6 7. a4 Ne7 8. Nbd2 a6 9. a5 g5 10. Nb3 Qc7 11. Bd2 0-0-0 12. c4 f6 13. Rc1 Ng6 14. Ne1 dxc4 15. Bxc4 fxe5 16. g4 Be4 17. Bxe6 Qd6 18. Nc5 Bd5 19. Bf5 Kb8 20. Qc2 Rg8 21. Nxd7+ Rxd7 22. dxe5 Nxe5 23. Bxd7 Qxd7 24. Qf5 Qc7 25. f4 Nc4 26. Rxc4 Bxc4 27. Rf2 Bd6 28. fxg5 hxg5 29. Bxg5 Re8 30. Nd3 Bxd3 31. Qxd3 Bc5 32. Bh4 Qxa5 33. Bg3+ Ka8 34. Kg2 Bxf2 35. Bxf2 Qb4 36. Qf3 Qxb2 37. g5 c5 38. h4 c4 39. g6 c3 40. Qf7 Qe2 41. g7 Qg4+ 42. Kh2 Rc8 43. Qe7 Qf4+ 44. Kg2 c2 45. Qe3 Qxe3 46. Bxe3 Rg8 0-1

[Event "CHN-chT"]
[Site "Hebei"]
[Date "2025.04.30"]
[Round "6.5"]
[White "Xu, Yi"]
[Black "Dai, Changren"]
[Result "1/2-1/2"]
[WhiteElo "2480"]
[BlackElo "2527"]
[PlyCount "60"]
[EventDate "2025.04.25"]
[EventType "team-swiss"]
[EventRounds "9"]
[EventCountry "CHN"]
[SourceTitle "CB20_2025"]
[SourceDate "2025.05.14"]
[SourceVersion "1"]
[SourceVersionDate "2025.05.14"]
[SourceQuality "1"]
[WhiteTeam "Shanghai"]
[BlackTeam "Tianjin"]
[WhiteTeamCountry "CHN"]
[BlackTeamCountry "CHN"]

1. e4 c5 2. Nf3 Nc6 3. Bb5 g6 4. 0-0 Bg7 5. c3 Nf6 6. Re1 0-0 7. d4 a6 8. Bf1 d5 9. exd5 Qxd5 10. dxc5 Qxc5 11. h3 e5 12. Nbd2 Rd8 13. Qa4 h6 14. Nb3 Qe7 15. Na5 Nxa5 16. Rxe5 Qc7 17. Qxa5 Qxa5 18. Rxa5 Ne4 19. Nd4 b6 20. Ra4 Bb7 21. Be3 b5 22. Ra5 b4 23. Rc1 Rac8 24. Ne2 bxc3 25. Nxc3 Nxc3 26. bxc3 Bxc3 27. Rc5 Rxc5 28. Bxc5 Bd4 29. Bxd4 Rxd4 30. Rc7 Bd5 1/2-1/2

[Event "China zt 3.5"]
[Site "Jiangxi"]
[Date "2025.03.26"]
[Round "5"]
[White "Wang, Yue"]
[Black "Dai, Changren"]
[Result "1/2-1/2"]
[WhiteElo "2640"]
[BlackElo "2527"]
[PlyCount "73"]
[EventDate "2025.03.22"]
[EventType "swiss"]
[EventRounds "9"]
[EventCountry "CHN"]
[SourceTitle "CB14_2025"]
[SourceDate "2024.11.01"]
[SourceVersion "1"]
[SourceVersionDate "2024.11.01"]
[SourceQuality "1"]

1. d4 Nf6 2. Nf3 d5 3. c4 e6 4. Nc3 dxc4 5. Bg5 h6 6. Bxf6 Qxf6 7. e3 Nd7 8. Bxc4 Bd6 9. 0-0 0-0 10. Rc1 Qe7 11. Nb5 Nf6 12. Qb3 b6 13. Be2 Bb7 14. Nd2 Rfc8 15. Nc4 Ne8 16. f3 Qd8 17. Rfd1 Bf8 18. Nc3 Qg5 19. Ne4 Qe7 20. Bd3 Nf6 21. Nxf6+ Qxf6 22. Nd2 Bd5 23. Bc4 Bb7 24. Bd3 Bd5 25. Bc4 Bb7 26. Ne4 Qe7 27. d5 exd5 28. Bxd5 Bxd5 29. Rxd5 Rd8 30. Rcd1 c6 31. R5d3 Qc7 32. g3 Be7 33. Rxd8+ Rxd8 34. Rxd8+ Qxd8 35. Kg2 Qd7 36. Qc2 f5 37. Nc3 1/2-1/2

[Event "China zt 3.5"]
[Site "Jiangxi"]
[Date "2025.03.22"]
[Round "1"]
[White "Xi, Qi"]
[Black "Dai, Changren"]
[Result "1/2-1/2"]
[WhiteElo "2257"]
[BlackElo "2527"]
[PlyCount "152"]
[EventDate "2025.03.22"]
[EventType "swiss"]
[EventRounds "9"]
[EventCountry "CHN"]
[SourceTitle "CB14_2025"]
[SourceDate "2024.11.01"]
[SourceVersion "1"]
[SourceVersionDate "2024.11.01"]
[SourceQuality "1"]

1. d4 Nf6 2. c4 g6 3. Nf3 Bg7 4. g3 d6 5. Bg2 0-0 6. 0-0 Bf5 7. Nh4 Be4 8. f3 Bxb1 9. Rxb1 c6 10. e4 Nbd7 11. Be3 e5 12. d5 Nb6 13. Qe2 cxd5 14. cxd5 Nh5 15. Bh1 Nf4 16. gxf4 Qxh4 17. fxe5 Bxe5 18. f4 Bg7 19. Rbc1 Rae8 20. Qd2 Qg4+ 21. Kf2 f5 22. exf5 Qxf5 23. Kg1 Re7 24. b3 Nd7 25. Bg2 Nf6 26. Rce1 b6 27. Bd4 Ref7 28. Bf2 Nd7 29. Bg3 Nc5 30. Re3 Qf6 31. b4 Na6 32. a3 Nc7 33. Kh1 Nb5 34. Re6 Qd8 35. Re4 Re8 36. Rfe1 Rxe4 37. Rxe4 Qf6 38. Bh3 Rf8 39. Be6+ Kh8 40. Qd3 Qa1+ 41. Kg2 Nd4 42. Bf2 Nf5 43. Rc4 Qf6 44. a4 Qb2 45. Qc2 Qa3 46. Re4 Bf6 47. b5 Nh4+ 48. Bxh4 Bxh4 49. Qe2 Bf6 50. Rc4 Qa1 51. Qd2 Bg7 52. Re4 Qb1 53. Rc4 Qb3 54. Qe2 Bf6 55. Qc2 Qe3 56. Re4 Qa3 57. Rc4 Bg7 58. Rc8 Qe3 59. Rxf8+ Bxf8 60. f5 Qg5+ 61. Kf3 Qh5+ 62. Kg3 Qg5+ 63. Kf3 Qf6 64. Kg2 Kg7 65. fxg6 hxg6 66. Qc7+ Kh6 67. Qxa7 Qb2+ 68. Kf3 Qc3+ 69. Kg4 Qd4+ 70. Kf3 Qd3+ 71. Kf2 Bg7 72. Qf7 Bd4+ 73. Ke1 Bc3+ 74. Kf2 Qd2+ 75. Kf3 Qd1+ 76. Kg2 Qe2+ 1/2-1/2

[Event "Chessable Masters Play In"]
[Site "Chess.com INT"]
[Date "2025.02.17"]
[Round "6"]
[White "Yang, Kaiqi"]
[Black "Dai, Changren"]
[Result "0-1"]
[WhiteElo "2481"]
[BlackElo "2527"]
[PlyCount "74"]
[EventDate "2025.02.17"]
[EventType "swiss (blitz)"]
[EventRounds "9"]
[EventCountry "USA"]
[SourceTitle "CB08_2025"]
[SourceDate "2025.02.19"]
[SourceVersion "1"]
[SourceVersionDate "2025.02.19"]
[SourceQuality "1"]

1. e4 e5 2. Nf3 Nc6 3. Bc4 Bc5 4. d3 Nf6 5. 0-0 d6 6. c3 0-0 7. Re1 a5 8. Bb3 Be6 9. Nbd2 Bxb3 10. axb3 Ba7 11. h3 Ne7 12. Nf1 Ng6 13. Ng3 d5 14. Bg5 dxe4 15. Nxe4 Re8 16. Qc2 Re6 17. Nh2 Qf8 18. Bxf6 gxf6 19. Ng3 Qh6 20. Ra4 Nf4 21. Ng4 Qg6 22. Ne3 Qxd3 23. Qc1 Bxe3 24. fxe3 b5 25. Ra1 Kh8 26. exf4 Qxg3 27. f5 Rd6 28. Qe3 Qxe3+ 29. Rxe3 Rd2 30. Ra2 Rg8 31. g4 Rgd8 32. Rxa5 Rxb2 33. Re1 Rxb3 34. Kg2 Rd2+ 35. Kg3 Rxc3+ 36. Kh4 Rh2 37. g5 Rhxh3+ 0-1

[Event "Titled Tuesday intern op 14th Jan Early"]
[Site "Chess.com INT"]
[Date "2025.01.14"]
[Round "4"]
[White "Dai, Changren"]
[Black "Guimaraes, Diogo Duarte"]
[Result "1/2-1/2"]
[WhiteElo "2527"]
[BlackElo "2299"]
[PlyCount "155"]
[EventDate "2025.01.14"]
[EventType "swiss (blitz)"]
[EventRounds "11"]
[EventCountry "USA"]
[SourceTitle "CB04_2025"]
[SourceDate "2025.01.22"]
[SourceVersion "1"]
[SourceVersionDate "2025.01.22"]
[SourceQuality "1"]

1. Nf3 d5 2. g3 c5 3. Bg2 Nc6 4. 0-0 Nf6 5. c4 d4 6. d3 e5 7. e4 Be7 8. Nh4 0-0 9. Nf5 Re8 10. f4 Bf8 11. Nd2 g6 12. Nh4 exf4 13. gxf4 Ng4 14. Ndf3 Be7 15. Qe1 Ne3 16. Bxe3 dxe3 17. Rd1 Bg4 18. Rc1 Nb4 19. Qg3 Bxf3 20. Nxf3 Nxd3 21. Rc2 Nf2 22. Ne5 Qd4 23. Re2 Bd6 24. Rxe3 Bxe5 25. Rxf2 Bf6 26. Rf1 Qxc4 27. e5 Bg7 28. Kh1 Rad8 29. f5 b5 30. e6 fxe6 31. fxg6 hxg6 32. Qxg6 Rf8 33. Rg1 Rf6 34. Qg5 Qf4 35. Qxc5 Rh6 36. Rh3 Rxh3 37. Bxh3 Qf3+ 38. Bg2 Qf6 39. Qxb5 Rd4 40. Qb8+ Kh7 41. Qxa7 Rh4 42. Qc7 Qe5 43. Qxe5 Bxe5 44. h3 Bxb2 45. Rb1 Bd4 46. Rb4 Bf6 47. Rxh4+ Bxh4 48. Be4+ Kg7 49. Kg2 Be1 50. Kf3 Ba5 51. Kg4 Kf6 52. h4 Kg7 53. a4 Kh8 54. Kg5 Bb4 55. Kf6 Ba5 56. Kxe6 Bb4 57. Kf7 Ba5 58. h5 Bb4 59. h6 Ba5 60. Kg6 Bb4 61. Bd5 Ba5 62. Bf7 Bb4 63. Kf6 Ba5 64. Bg6 Bb4 65. Ke6 Ba5 66. Kd5 Bd2 67. h7 Ba5 68. Be4 Bb4 69. Kc4 Be1 70. Kb5 Bd2 71. a5 Bxa5 72. Kxa5 Kg7 73. Kb5 Kh8 74. Kc6 Kg7 75. Kd6 Kh8 76. Ke6 Kg7 77. Kf5 Kh8 78. Kf6 1/2-1/2

[Event "TCh-CHN Div A Finals"]
[Site "Shaoxing"]
[Date "2024.12.04"]
[Round "2.1"]
[White "Dai, Changren"]
[Black "Zeng, Chongsheng"]
[Result "1-0"]
[WhiteElo "2512"]
[BlackElo "2565"]
[PlyCount "117"]
[EventDate "2024.12.02"]
[EventType "team-k.o."]
[EventRounds "4"]
[EventCountry "CHN"]
[SourceTitle "CB50_2024"]
[SourceDate "2024.11.01"]
[SourceVersion "1"]
[SourceVersionDate "2024.11.01"]
[SourceQuality "2"]
[WhiteTeam "Tianjin"]
[BlackTeam "Chongqing Ticai"]
[WhiteTeamCountry "CHN"]
[BlackTeamCountry "CHN"]

1. e4 c5 2. Nf3 Nc6 3. Nc3 g6 4. d4 cxd4 5. Nxd4 Bg7 6. Be3 Nf6 7. Bc4 0-0 8. Bb3 d6 9. f3 Bd7 10. Qd2 Rc8 11. 0-0-0 Ne5 12. Kb1 Nc4 13. Bxc4 Rxc4 14. g4 b5 15. g5 Nh5 16. b3 b4 17. Nd5 Rc8 18. Ne2 e6 19. Nxb4 a5 20. Qxd6 axb4 21. Qxd7 Qa5 22. Bd4 Rfd8 23. Qa7 Qxg5 24. Bxg7 Kxg7 25. Qf2 Qa5 26. Rxd8 Rxd8 27. Qe3 e5 28. Rf1 Qa6 29. Rc1 Ra8 30. a4 bxa3 31. Ka2 Rd8 32. c4 h6 33. Nc3 Rd4 34. Nd5 Nf6 35. Rc2 Nd7 36. Rd2 Qa7 37. b4 Rxd2+ 38. Qxd2 Nb8 39. Qe3 Qa4 40. Qb3 Qa7 41. c5 Nc6 42. b5 Qxc5 43. bxc6 Qxc6 44. Kxa3 Qa6+ 45. Kb4 g5 46. Qc3 Qb7+ 47. Kc5 Qc8+ 48. Kd6 Qb8+ 49. Qc7 Qb2 50. Kd7 Qxh2 51. Ke8 Qh5 52. Ne3 Qg6 53. Nf5+ Kh8 54. Qxf7 Qc6+ 55. Ke7 Qc7+ 56. Kf6 Qb6+ 57. Qe6 Qd8+ 58. Kg6 g4 59. Qxe5+ 1-0

[Event "TCh-CHN Div A Finals"]
[Site "Shaoxing"]
[Date "2024.12.03"]
[Round "1.2"]
[White "Zhao, Jun"]
[Black "Dai, Changren"]
[Result "1/2-1/2"]
[WhiteElo "2535"]
[BlackElo "2512"]
[PlyCount "62"]
[EventDate "2024.12.02"]
[EventType "team-k.o."]
[EventRounds "4"]
[EventCountry "CHN"]
[SourceTitle "CB50_2024"]
[SourceDate "2024.11.01"]
[SourceVersion "1"]
[SourceVersionDate "2024.11.01"]
[SourceQuality "2"]
[WhiteTeam "Shenzhen Pengchengkulan"]
[BlackTeam "Tianjin"]
[WhiteTeamCountry "CHN"]
[BlackTeamCountry "CHN"]

1. e4 e5 2. Nf3 Nc6 3. Nc3 Nf6 4. d4 exd4 5. Nxd4 Bb4 6. Nxc6 bxc6 7. Bd3 d5 8. exd5 0-0 9. 0-0 cxd5 10. Bg5 c6 11. Qf3 Rb8 12. h3 Bd6 13. b3 h6 14. Bxf6 Qxf6 15. Qxf6 gxf6 16. Ne2 Be6 17. Nd4 c5 18. Nf5 Bxf5 19. Bxf5 Rfe8 20. Rad1 Rbd8 21. Rfe1 Rxe1+ 22. Rxe1 Kf8 23. g3 Re8 24. Rd1 Re5 25. g4 d4 26. Bd3 Bc7 27. Kg2 Ba5 28. Kf3 Be1 29. Be2 Ba5 30. Bd3 Be1 31. Be2 Ba5 1/2-1/2

[Event "Belt and Road op 4th"]
[Site "Qinhuangdao"]
[Date "2024.11.26"]
[Round "7"]
[White "Xiao, Tong"]
[Black "Dai, Changren"]
[Result "1/2-1/2"]
[WhiteElo "2492"]
[BlackElo "2509"]
[PlyCount "60"]
[EventDate "2024.11.21"]
[EventType "swiss"]
[EventRounds "9"]
[EventCountry "CHN"]
[SourceTitle "CB49_2024"]
[SourceDate "2024.12.04"]
[SourceVersion "1"]
[SourceVersionDate "2024.12.04"]
[SourceQuality "1"]

1. e4 e5 2. Nf3 Nc6 3. Nc3 Nf6 4. d4 exd4 5. Nxd4 Bb4 6. Nxc6 bxc6 7. Bd3 d5 8. exd5 0-0 9. 0-0 cxd5 10. Bg5 c6 11. Qf3 Bd6 12. Rae1 Rb8 13. Nd1 h6 14. Bxf6 Qxf6 15. Qxf6 gxf6 16. b3 f5 17. Ne3 f4 18. Nf5 Bxf5 19. Bxf5 Kg7 20. g3 Kf6 21. Bd7 Rfd8 22. Bxc6 Rbc8 23. Bxd5 Rxc2 24. a4 Bc5 25. Be4 Rb2 26. Rb1 Rdd2 27. Rxb2 Rxb2 28. Bd5 fxg3 29. hxg3 a5 30. Kg2 h5 1/2-1/2

[Event "Belt and Road op 4th"]
[Site "Qinhuangdao"]
[Date "2024.11.23"]
[Round "4"]
[White "Dai, Changren"]
[Black "Jiang, Haochen"]
[Result "0-1"]
[WhiteElo "2509"]
[BlackElo "2360"]
[PlyCount "58"]
[EventDate "2024.11.21"]
[EventType "swiss"]
[EventRounds "9"]
[EventCountry "CHN"]
[SourceTitle "CB49_2024"]
[SourceDate "2024.12.04"]
[SourceVersion "1"]
[SourceVersionDate "2024.12.04"]
[SourceQuality "1"]

1. e4 e5 2. Nf3 Nc6 3. Bc4 Nf6 4. Ng5 d5 5. exd5 Na5 6. Bb5+ c6 7. dxc6 bxc6 8. Bd3 Nd5 9. Nf3 Bd6 10. Nc3 Nf4 11. 0-0 Nxd3 12. cxd3 0-0 13. Re1 Re8 14. Qa4 Rb8 15. Ne4 Bf8 16. Qc2 c5 17. b4 Nc6 18. a3 a5 19. bxc5 Ba6 20. Rb1 Qxd3 21. Qxd3 Bxd3 22. Rb2 f6 23. g4 Rxb2 24. Bxb2 Rb8 25. Bc3 Rb3 26. a4 Ra3 27. Re3 Rxa4 28. Rxd3 Rxe4 29. h3 Rf4 0-1